Logo BPK

Biblioteka

Politechniki Koszalińskiej

Szydłowiec i dobra szydłowieckie w pierwszej połowie XIX wieku / (Rekord nr 31671)

Szczegóły MARC
000 -ETYKIETA REKORDU
podpole kontrolne o stałej długości 00827nam a2200217 i 4500
001 - NUMER KONTROLNY REKORDU
pole kontrolne bg
040 ## - ŹRÓDŁO KATALOGOWANIA
Instytucja, która utworzyła rekord BPK
041 0# - KOD JĘZYKA
Kod języka tekstu pl
080 ## - UNIWERSALNA KLASYFIKACJA DZIESIĘTNA - UKD
UKD 943.8.07"18"A/Z:332.2"15/18"
008 - POLE O STAŁEJ DŁUGOŚCI - DANE KONTROLNE
podpole kontrolne o stałej długości s pl f |000 0 pol
100 1# - NAZWA OSOBOWA
Nazwa osobowa PIWEK, Jerzy
245 10 - TYTUŁ/ODPOWIEDZIALNOŚĆ
Tytuł Szydłowiec i dobra szydłowieckie w pierwszej połowie XIX wieku /
Pozostałe elementy strefy tytułu i oznaczenia odpowiedzialności Jerzy Piwek.
260 ## - STREFA ADRESU WYDAWNICZEGO
Miejsce wydania Kielce :
Nazwa wydawcy/dystrybutora Wydaw. PŚ,
Data publikacji, dystrybucji/powstania dokumentu 1996.
300 ## - STREFA OPISU FIZYCZNEGO
Objętość 277, [2] s. :
Inne cechy fizyczne faks., mapy, pl. ;
Rozmiary 24 cm.
490 1# - STREFA SERII I DOKUMENTU WIELOCZĘŚCIOWEGO - FORMA NIE DO WYSZUKIWANIA
Tytuł i oznaczenie odpowiedzialności serii Monografie, Studia, Rozprawy / Politechnika Świętokrzyska. Nauki Humanistyczne ;
Numeracja w obrębie serii 5
504 ## - UWAGA DOTYCZĄCA BIBLIOGRAFII
Informacje o bibliografii Bibliogr. s. 247-250.
650 #9 - HASŁO PRZEDMIOTOWE W FORMIE NAZWY OGÓLNEJ LUB JEDNOSTKOWEJ
Nazwa ogólna lub geograficzna Własność wielka
Określnik ogólny historia
Określnik geograficzny Polska
Określnik chronologiczny 16-19 w.
651 #9 - HASŁO PRZEDMIOTOWE W FORMIE NAZWY GEOGRAFICZNEJ
Nazwa geograficzna Szydłowiec (woj. Radom)
Określnik ogólny gospodarka
-- historia
Określnik chronologiczny 19 w.
830 #0 - HASŁO DODATKOWE SERII LUB DOKUMENTU WIELOCZĘŚCIOWEGO - TYTUŁ UJEDNOLICONY
Tytuł ujednolicony Monografie, Studia, Rozprawy (Politechnika Świętokrzyska).
Nazwa części/sekcji dzieła Nauki Humanistyczne
856 ## - LOKALIZACJA I DOSTĘP DO ELEKTRONICZNYCH DOKUMENTÓW ZDALNYCH
Link (URL) http://koha.tu.koszalin.pl/cgi-bin/koha/opac-detail.pl?biblionumber=31671
Tekst linku Katalog online BPK
942 ## - DODATKOWE ELEMENTY (KOHA)
Typ dokumentu Książka
Egzemplarze
Wycofany Status egzemplarza Uszkodzony Dostępność Lokalizacja stała Lokalizacja bieżąca Miejsce przechowywania Sygnatura Kod kreskowy Typ dokumentu
      Dostępny Biblioteka Politechniki Koszalińskiej Biblioteka Politechniki Koszalińskiej Wypożyczalnia BG 39064 01269406 Książka
© 2023 Biblioteka Politechniki Koszalińskiej :: KOHA